| 000 | 01536aab a2200241 i 4500 | ||
|---|---|---|---|
| 001 | 768714001 | ||
| 003 | CO-MdFUSB | ||
| 005 | 20240809095845.0 | ||
| 008 | 240809t2001 -us||||| |||| 00| 0 eng d | ||
| 040 |
_bspa _cCO-MdFUSB |
||
| 041 | _aeng | ||
| 100 | 1 |
_aHeideman, Eugene _eautor |
|
| 245 | 1 | 0 |
_aWomen missionaries in India : _bopening up the restrictive policies of Rufus Anderson _c/ Eugene Heideman |
| 520 | _aEsta es la experiencia de dos misioneras en la India a las que se les permitió abrir dos escuelas en Vellore para niñas hindúes, en oposición a las políticas restrictivas de Rufus Anderson. Según esa política, la misión no debe involucrarse en la "civilización" de los hindúes en las instituciones educativas. La evangelización y la plantación de iglesias debían ser las únicas prioridades para el trabajo de los misioneros. Además, que las mujeres tienen un papel subordinado como misioneras porque no participan directamente en la evangelización y la plantación de iglesias, sino que participan en actividades de apoyo, como la educación, que se entienden más apropiadamente como roles civilizadores. | ||
| 546 | _atexto en inglés. | ||
| 650 | 0 |
_aMujeres _xAspectos religiosos _xCristianismo _9326 |
|
| 650 | 0 |
_aEvangelización _9362 |
|
| 650 | 7 |
_aMujeres _xDerechos _9325 |
|
| 650 | 0 |
_aMisiones _9154 |
|
| 773 | 0 |
_tInternational Bulletin _049483 _960995 _gVolumen 25, (número 4, 2001), páginas: 157 - 164 _qpágina: 157 |
|
| 942 | _cANA | ||
| 945 | _aCatherine Arias Álvarez - Practicante SENA | ||
| 999 |
_c57241 _d57241 |
||